<?xml version="1.0" encoding="UTF-8"?>
<record
    xmlns:xsi="http://www.w3.org/2001/XMLSchema-instance"
    xsi:schemaLocation="http://www.loc.gov/MARC21/slim http://www.loc.gov/standards/marcxml/schema/MARC21slim.xsd"
    xmlns="http://www.loc.gov/MARC21/slim">

  <leader>00404nam a2200145 a 4500</leader>
  <controlfield tag="001">1837</controlfield>
  <controlfield tag="003">CDMR</controlfield>
  <controlfield tag="005">20130319115007.0</controlfield>
  <controlfield tag="008">130130s1994||||||||||||||||||||||||||||d</controlfield>
  <datafield tag="040" ind1=" " ind2=" ">
    <subfield code="a">CDMR</subfield>
    <subfield code="b">cat</subfield>
    <subfield code="c">CPC LLEIDA</subfield>
  </datafield>
  <datafield tag="100" ind1="1" ind2=" ">
    <subfield code="a">Barallat Bar&#xE9;s, Jaume</subfield>
    <subfield code="9">1372</subfield>
  </datafield>
  <datafield tag="245" ind1="1" ind2="0">
    <subfield code="a">L'esgl&#xE9;sia sota el franquisme Lleida (1938-1968)</subfield>
    <subfield code="c">BARALLAT BAR&#xC9;S, Jaume</subfield>
  </datafield>
  <datafield tag="260" ind1=" " ind2=" ">
    <subfield code="a">Lleida</subfield>
    <subfield code="c">1994</subfield>
    <subfield code="b">Pag&#xE8;s</subfield>
  </datafield>
  <datafield tag="942" ind1=" " ind2=" ">
    <subfield code="c">MON</subfield>
    <subfield code="2">udc</subfield>
  </datafield>
  <datafield tag="999" ind1=" " ind2=" ">
    <subfield code="c">1837</subfield>
    <subfield code="d">1837</subfield>
  </datafield>
  <datafield tag="952" ind1=" " ind2=" ">
    <subfield code="0">0</subfield>
    <subfield code="1">0</subfield>
    <subfield code="4">0</subfield>
    <subfield code="7">0</subfield>
    <subfield code="a">LLEIDA</subfield>
    <subfield code="b">LLEIDA</subfield>
    <subfield code="d">2011-08-09</subfield>
    <subfield code="l">0</subfield>
    <subfield code="o">626LLE</subfield>
    <subfield code="p">LLEIDA1312613944</subfield>
    <subfield code="r">2013-01-16</subfield>
    <subfield code="w">2013-01-16</subfield>
    <subfield code="y">MON</subfield>
  </datafield>
</record>
